000 00468nam a2200145Ia 4500
008 100204s9999 xx 000 0 und d
082 _b18590
100 _aजोशी दिलीप
245 _aस्वप्नगंधा
260 _b"राजेंद्र पब्लिकेशन्स , पुणे 30"
_c1995
300 _a164
630 _aस्वप्नगंधा
730 _aस्वप्नगंधा
942 _cBOOK
999 _c463013
_d463010